00278nam a2200097Ia 4500008004000000082001700040100003100057245004300088260004100131300000800172210210b1977 xxu||||| |||| 00| 0 eng d aS491.86 SASR aSASTRI (Vidyasagar K L V). aReader III. (Samskrita Triteeyadarsa). aPalghat.bR S Vadhyar & Sons.,c1977 a129